书目信息 |
| 题名: |
树的秘密生活
|
|
| 作者: | 塔奇 著 ;姚玉枝 , 彭文 , 张海云 译 | |
| 分册: | ||
| 出版信息: | 北京 商务印书馆 2015 |
|
| 页数: | 439页 | |
| 开本: | 24cm | |
| 丛书名: | ||
| 单 册: | ||
| 中图分类: | S718.4 | |
| 科图分类: | ||
| 主题词: | 树木--shu mu--普及读物 | |
| 电子资源: | ||
| ISBN: | 978-7-100-11033-4 | |
| 000 | 01328nam0 2200301 450 | |
| 001 | 1975378445 | |
| 005 | 20150806104159.8 | |
| 010 | @a978-7-100-11033-4@b精装@dCNY 65.00 | |
| 099 | @aCAL 012015093272 | |
| 100 | @a20150623d2015 em y0chiy50 ea | |
| 101 | 1 | @achi@ceng |
| 102 | @aCN@b110000 | |
| 105 | @aa z 001yy | |
| 200 | 1 | @a树的秘密生活@Ashu de mi mi sheng huo@d= The secret life of trees@f科林·塔奇著@g姚玉枝, 彭文, 张海云译@zeng |
| 210 | @a北京@c商务印书馆@d2015 | |
| 215 | @a439页@c图@d24cm | |
| 305 | @a中文版经作者授权, 根据英国企鹅公司2006年版译出 | |
| 320 | @a有索引 | |
| 330 | @a本书讲述关于树的现代科学知识: 树是什么, 它们是怎样成为树的; 它们是怎样生存, 如何竞争, 又是如何合作的。本书把科林·塔奇对树的知识和痴迷糅合在一起, 带读者进入他的旅程, 从哥斯达黎加、巴拿马和巴西的雨林, 到印度、澳大利亚、新西兰、中国、美国……最后回到他自己的后花园所度过的时光。阅读本书, 翻过一页又一页关于树的故事, 让我们对于熟知的感到新奇, 懂得了一点我们身边树林中所隐藏着的、不断显现的奇迹。 | |
| 510 | 1 | @aSecret life of trees@zeng |
| 606 | 0 | @a树木@Ashu mu@j普及读物 |
| 690 | @aS718.4@v5 | |
| 701 | 1 | @a塔奇@Ata ji@g(Tudge, Colin)@4著 |
| 702 | 0 | @a姚玉枝@Ayao yu zhi@4译 |
| 702 | 0 | @a彭文@Apeng wen@4译 |
| 702 | 0 | @a张海云@Azhang hai yun@4译 |
| 801 | 0 | @aCN@b三新书业@c20150623 |
| 905 | @aBZT@dS718.4@e2 | |
| 树的秘密生活= The secret life of trees/科林·塔奇著/姚玉枝, 彭文, 张海云译.-北京:商务印书馆,2015 |
| 439页:图;24cm |
| ISBN 978-7-100-11033-4(精装):CNY 65.00 |
| 本书讲述关于树的现代科学知识: 树是什么, 它们是怎样成为树的; 它们是怎样生存, 如何竞争, 又是如何合作的。本书把科林·塔奇对树的知识和痴迷糅合在一起, 带读者进入他的旅程, 从哥斯达黎加、巴拿马和巴西的雨林, 到印度、澳大利亚、新西兰、中国、美国……最后回到他自己的后花园所度过的时光。阅读本书, 翻过一页又一页关于树的故事, 让我们对于熟知的感到新奇, 懂得了一点我们身边树林中所隐藏着的、不断显现的奇迹。 |
| ● |
| 相关链接 |
|
|
|
正题名:树的秘密生活
索取号:S718.4/2
 
预约/预借
| 序号 | 登录号 | 条形码 | 馆藏地/架位号 | 状态 | 备注 |
| 1 | 866119 | 2000866119 | 第二书库/ [索取号:S718.4/2] | 在馆 | |
| 2 | 866120 | 2000866120 | 第二书库/ [索取号:S718.4/2] | 在馆 | |
| 3 | 866121 | 2000866121 | 第二书库/ [索取号:S718.4/2] | 在馆 |